<?xml version="1.0" encoding="UTF-8"?>
<collection xmlns="http://www.loc.gov/MARC21/slim">
 <record>
  <leader>02636aam a22003378a 4500</leader>
  <controlfield tag="001">NCT_6730</controlfield>
  <controlfield tag="008">140516s2016                 ||||||viesd</controlfield>
  <datafield tag="999" ind1=" " ind2=" ">
   <subfield code="c">344</subfield>
   <subfield code="d">344</subfield>
  </datafield>
  <datafield tag="020" ind1=" " ind2=" ">
   <subfield code="a">9786049347504</subfield>
   <subfield code="c">75000</subfield>
  </datafield>
  <datafield tag="082" ind1="0" ind2="4">
   <subfield code="2">23rd ed.</subfield>
   <subfield code="a">428</subfield>
   <subfield code="b">T550</subfield>
  </datafield>
  <datafield tag="245" ind1="0" ind2="0">
   <subfield code="a">Tự học 2000 từ vựng tiếng Anh theo chủ đề</subfield>
   <subfield code="c">The Windy Emily ; Hồng Nhung h.đ.</subfield>
  </datafield>
  <datafield tag="260" ind1=" " ind2=" ">
   <subfield code="a">H.</subfield>
   <subfield code="b">Đại học Quốc gia Hà Nội</subfield>
   <subfield code="c">2016</subfield>
  </datafield>
  <datafield tag="300" ind1=" " ind2=" ">
   <subfield code="a">347tr.</subfield>
   <subfield code="b">minh hoạ</subfield>
   <subfield code="c">21cm</subfield>
  </datafield>
  <datafield tag="490" ind1="0" ind2=" ">
   <subfield code="a">Tủ sách Giúp học tốt tiếng Anh</subfield>
  </datafield>
  <datafield tag="520" ind1="3" ind2=" ">
   <subfield code="a">Nội dung gồm 2000 từ vựng tiếng Anh theo chủ đề giúp người học nâng cao vốn từ vựng Anh ngữ một cách nhanh chóng và hiệu quả</subfield>
  </datafield>
  <datafield tag="653" ind1=" " ind2=" ">
   <subfield code="a">2000 từ vựng theo chủ đề</subfield>
  </datafield>
  <datafield tag="655" ind1=" " ind2=" ">
   <subfield code="a">Cơ bản</subfield>
  </datafield>
  <datafield tag="700" ind1="0" ind2=" ">
   <subfield code="a">Hồng Nhung</subfield>
   <subfield code="e">Hiệu đính</subfield>
  </datafield>
  <datafield tag="710" ind1="2" ind2=" ">
   <subfield code="a">The Windy Emily</subfield>
  </datafield>
  <datafield tag="942" ind1=" " ind2=" ">
   <subfield code="2">ddc</subfield>
   <subfield code="c">BK</subfield>
  </datafield>
  <datafield tag="952" ind1=" " ind2=" ">
   <subfield code="0">0</subfield>
   <subfield code="1">0</subfield>
   <subfield code="2">ddc</subfield>
   <subfield code="4">0</subfield>
   <subfield code="6">428_000000000000000_T550</subfield>
   <subfield code="7">0</subfield>
   <subfield code="9">1872</subfield>
   <subfield code="a">000001</subfield>
   <subfield code="b">000001</subfield>
   <subfield code="d">2017-10-23</subfield>
   <subfield code="l">11</subfield>
   <subfield code="o">428 T550</subfield>
   <subfield code="p">MD.01852</subfield>
   <subfield code="r">2021-05-20</subfield>
   <subfield code="s">2021-04-28</subfield>
   <subfield code="v">75000.00</subfield>
   <subfield code="w">2017-10-23</subfield>
   <subfield code="y">BK</subfield>
  </datafield>
  <datafield tag="952" ind1=" " ind2=" ">
   <subfield code="0">0</subfield>
   <subfield code="1">0</subfield>
   <subfield code="2">ddc</subfield>
   <subfield code="4">0</subfield>
   <subfield code="6">428_000000000000000_T550</subfield>
   <subfield code="7">0</subfield>
   <subfield code="9">1873</subfield>
   <subfield code="a">000001</subfield>
   <subfield code="b">000001</subfield>
   <subfield code="d">2017-10-23</subfield>
   <subfield code="l">4</subfield>
   <subfield code="o">428 T550</subfield>
   <subfield code="p">MD.01853</subfield>
   <subfield code="r">2018-05-08</subfield>
   <subfield code="s">2018-04-23</subfield>
   <subfield code="v">75000.00</subfield>
   <subfield code="w">2017-10-23</subfield>
   <subfield code="y">BK</subfield>
  </datafield>
  <datafield tag="952" ind1=" " ind2=" ">
   <subfield code="0">0</subfield>
   <subfield code="1">0</subfield>
   <subfield code="2">ddc</subfield>
   <subfield code="4">0</subfield>
   <subfield code="6">428_000000000000000_T550</subfield>
   <subfield code="7">0</subfield>
   <subfield code="9">1874</subfield>
   <subfield code="a">000001</subfield>
   <subfield code="b">000001</subfield>
   <subfield code="d">2017-10-23</subfield>
   <subfield code="l">10</subfield>
   <subfield code="m">2</subfield>
   <subfield code="o">428 T550</subfield>
   <subfield code="p">MD.01854</subfield>
   <subfield code="r">2022-02-21</subfield>
   <subfield code="s">2022-02-14</subfield>
   <subfield code="v">75000.00</subfield>
   <subfield code="w">2017-10-23</subfield>
   <subfield code="y">BK</subfield>
  </datafield>
  <datafield tag="952" ind1=" " ind2=" ">
   <subfield code="0">0</subfield>
   <subfield code="1">0</subfield>
   <subfield code="2">ddc</subfield>
   <subfield code="4">0</subfield>
   <subfield code="6">428_000000000000000_T550</subfield>
   <subfield code="7">0</subfield>
   <subfield code="9">1875</subfield>
   <subfield code="a">000001</subfield>
   <subfield code="b">000001</subfield>
   <subfield code="d">2017-10-23</subfield>
   <subfield code="l">9</subfield>
   <subfield code="m">1</subfield>
   <subfield code="o">428 T550</subfield>
   <subfield code="p">MD.01855</subfield>
   <subfield code="q">2022-03-01</subfield>
   <subfield code="r">2022-02-15</subfield>
   <subfield code="s">2022-02-15</subfield>
   <subfield code="v">75000.00</subfield>
   <subfield code="w">2017-10-23</subfield>
   <subfield code="y">BK</subfield>
  </datafield>
  <datafield tag="952" ind1=" " ind2=" ">
   <subfield code="0">0</subfield>
   <subfield code="1">0</subfield>
   <subfield code="2">ddc</subfield>
   <subfield code="4">0</subfield>
   <subfield code="6">428_000000000000000_T550</subfield>
   <subfield code="7">0</subfield>
   <subfield code="9">1876</subfield>
   <subfield code="a">000001</subfield>
   <subfield code="b">000001</subfield>
   <subfield code="d">2017-10-23</subfield>
   <subfield code="o">428 T550</subfield>
   <subfield code="p">MD.01856</subfield>
   <subfield code="r">2017-10-23</subfield>
   <subfield code="v">75000.00</subfield>
   <subfield code="w">2017-10-23</subfield>
   <subfield code="y">BK</subfield>
  </datafield>
  <datafield tag="952" ind1=" " ind2=" ">
   <subfield code="0">0</subfield>
   <subfield code="1">0</subfield>
   <subfield code="2">ddc</subfield>
   <subfield code="4">0</subfield>
   <subfield code="6">428_000000000000000_T550</subfield>
   <subfield code="7">0</subfield>
   <subfield code="9">1877</subfield>
   <subfield code="a">000001</subfield>
   <subfield code="b">000001</subfield>
   <subfield code="d">2017-10-23</subfield>
   <subfield code="o">428 T550</subfield>
   <subfield code="p">MD.01857</subfield>
   <subfield code="r">2017-10-23</subfield>
   <subfield code="v">75000.00</subfield>
   <subfield code="w">2017-10-23</subfield>
   <subfield code="y">BK</subfield>
  </datafield>
  <datafield tag="952" ind1=" " ind2=" ">
   <subfield code="0">0</subfield>
   <subfield code="1">0</subfield>
   <subfield code="2">ddc</subfield>
   <subfield code="4">0</subfield>
   <subfield code="6">428_000000000000000_T550</subfield>
   <subfield code="7">0</subfield>
   <subfield code="9">1878</subfield>
   <subfield code="a">000001</subfield>
   <subfield code="b">000001</subfield>
   <subfield code="d">2017-10-23</subfield>
   <subfield code="l">11</subfield>
   <subfield code="m">3</subfield>
   <subfield code="o">428 T550</subfield>
   <subfield code="p">MD.01858</subfield>
   <subfield code="q">2022-02-28</subfield>
   <subfield code="r">2022-02-14</subfield>
   <subfield code="s">2022-02-14</subfield>
   <subfield code="v">75000.00</subfield>
   <subfield code="w">2017-10-23</subfield>
   <subfield code="y">BK</subfield>
  </datafield>
  <datafield tag="952" ind1=" " ind2=" ">
   <subfield code="0">0</subfield>
   <subfield code="1">0</subfield>
   <subfield code="2">ddc</subfield>
   <subfield code="4">0</subfield>
   <subfield code="6">428_000000000000000_T550</subfield>
   <subfield code="7">0</subfield>
   <subfield code="9">1879</subfield>
   <subfield code="a">000001</subfield>
   <subfield code="b">000001</subfield>
   <subfield code="d">2017-10-23</subfield>
   <subfield code="l">12</subfield>
   <subfield code="m">1</subfield>
   <subfield code="o">428 T550</subfield>
   <subfield code="p">MD.01859</subfield>
   <subfield code="r">2021-03-30</subfield>
   <subfield code="s">2021-03-08</subfield>
   <subfield code="v">75000.00</subfield>
   <subfield code="w">2017-10-23</subfield>
   <subfield code="y">BK</subfield>
  </datafield>
  <datafield tag="952" ind1=" " ind2=" ">
   <subfield code="0">0</subfield>
   <subfield code="1">0</subfield>
   <subfield code="2">ddc</subfield>
   <subfield code="4">0</subfield>
   <subfield code="6">428_000000000000000_T550</subfield>
   <subfield code="7">0</subfield>
   <subfield code="9">1880</subfield>
   <subfield code="a">000001</subfield>
   <subfield code="b">000001</subfield>
   <subfield code="d">2017-10-23</subfield>
   <subfield code="l">6</subfield>
   <subfield code="o">428 T550</subfield>
   <subfield code="p">MD.01860</subfield>
   <subfield code="r">2019-11-20</subfield>
   <subfield code="s">2019-11-07</subfield>
   <subfield code="v">75000.00</subfield>
   <subfield code="w">2017-10-23</subfield>
   <subfield code="y">BK</subfield>
  </datafield>
  <datafield tag="952" ind1=" " ind2=" ">
   <subfield code="0">0</subfield>
   <subfield code="1">0</subfield>
   <subfield code="2">ddc</subfield>
   <subfield code="4">0</subfield>
   <subfield code="6">428_000000000000000_T550</subfield>
   <subfield code="7">0</subfield>
   <subfield code="9">1881</subfield>
   <subfield code="a">000001</subfield>
   <subfield code="b">000001</subfield>
   <subfield code="d">2017-10-23</subfield>
   <subfield code="l">9</subfield>
   <subfield code="o">428 T550</subfield>
   <subfield code="p">MD.01920</subfield>
   <subfield code="q">2022-03-01</subfield>
   <subfield code="r">2022-02-15</subfield>
   <subfield code="s">2022-02-15</subfield>
   <subfield code="v">75000.00</subfield>
   <subfield code="w">2017-10-23</subfield>
   <subfield code="y">BK</subfield>
  </datafield>
  <datafield tag="980" ind1=" " ind2=" ">
   <subfield code="a">Thư viện Trường Đại học Nam Cần Thơ</subfield>
  </datafield>
 </record>
</collection>
